Sanat - "Villieläin" - Ramses - Statistics

Yleistilastot
  • Tätä visaa on pelattu 266 kertaa
  • Keskiarvotulos 136 / 211
Vastaustilastot
Vastaus % Oikein
villi
96%
ku
94%
voi
94%
häkkiin
92%
et
91%
sulkea
91%
mut
89%
89%
villieläintä
89%
Me
85%
ettei
84%
kun
84%
Kun
84%
äkkii
82%
lujaa
80%
liian
79%
menee
78%
Oon
78%
oon
78%
mulla
77%
vedät
77%
laiskiainen
75%
välil
75%
ain
74%
en
74%
toi
74%
tuut
74%
bäkkiin
73%
ja
72%
kuin
72%
tajuumaan
72%
välillä
72%
töitä
71%
paiski
70%
terrieri
70%
mua
67%
jos
66%
ei
65%
ori
61%
paskiainen
61%
60%
uljas
60%
koni
59%
ihan
58%
silkka
58%
saatat
57%
kujal
56%
joskus
54%
kapinen
54%
sättii
54%
voin
53%
sen
51%
toisinaan
51%
Minkä
50%
sun
47%
itsellein
46%
että
44%
tajua
44%
luonteeni
41%
luvata
40%
melkein
38%
noin
37%
silität
36%
tiiät
34%
vaan
34%
jälkeen
33%
Älä
32%
älä
32%
jäämään
32%
laita
32%
ole
32%
lämpeen
31%
ehk
30%
hiirenä
30%
kaulapantaa
30%
koukkuun
30%
loukkuun
30%
mulle
30%
ollaan
30%
on
30%
kalana
29%
niin
29%
kesyttää
28%
Kyl
28%
mitä
28%
silloin
28%
sulle
28%
eläimiä
27%
hyötyy
27%
myöntyy
27%
valjaita
27%
koiranpentuilmeen
26%
näytän
26%
yks
26%
limppuun
25%
näit
25%
niistä
25%
siihen
25%
sika
25%
jään
23%
pysty
23%
hulluna
22%
kiinni
22%
kissanminttuun
22%
mikä
19%
lepyttää
18%
muttet
16%
tuuppaat
6%
Ehtoja vastaavia visoja ei löytynyt
Tulosjakauma
Jokaisen tuloksen saaneiden osuus
Persentiili vastausten määrän mukaan
Tuloshistoriasi
Et ole pelannut tätä visaa